Normal view
MARC view
- الاسهم-اسعار-الاردن
Entry Topical Term
001 - CONTROL NUMBER
- control field: 62464
003 - CONTROL NUMBER IDENTIFIER
- control field: JO-AjAnu
005 - DATE AND TIME OF LATEST TRANSACTION
- control field: 20230606084212.0
008 - FIXED-LENGTH DATA ELEMENTS
- fixed length control field: 230606|| aca||aabn | a|a d
040 ## - CATALOGING SOURCE
- Original cataloging agency: JO-AjAnu
- Transcribing agency: JO-AjAnu
150 ## - HEADING--TOPICAL TERM
- Topical term or geographic name entry element: الاسهم-اسعار-الاردن
670 ## - SOURCE DATA FOUND
- Source citation: Work cat.: (JO-AjAnu)31854: اعداد سليم، بهاء دخيل؛ اشراف علي عبدالله الزعبي, author 62463, اثر المعلومات المالية المنشورة الكترونيا على اسعار الاسهم في الشركات الصناعية المدرجة في بورصة عمان: طبيعة التقرير المالي كمتغير معدل = The Impact of Electronically Published Financial Information on Share Prices in Industrial Companies Listed on the Amman Stock Exchange: The Nature ofthe Financial Report as a Moderating Variable